000 00712nam a2200229Ia 4500
003 GCL
008 140319s9999 xx 000 0 ara d
040 _aGCL /
_cGCL
082 0 4 _a628.95
_bا ه
100 1 _aحسن الكمشوشى
245 1 0 _aهندسة الاضاءة /
_cحسن الكمشوشى
700 1 _aاسر على ذكى
260 _a[S.N] :
_bدار الراتب الجامعية ،
_c1986
300 _a175 ص
650 0 4 _aالضوء
650 0 4 _aهندسة الضوء
650 0 4 _aالشوارع
650 0 4 _aالمصابيح الوميضية
650 0 4 _aالاضاءة - الهندسة الكهربائية
650 0 4 _aالاضاءة الداخلية
942 _2ddc
_cBK
999 _c50043
_d50043